Programming in basic

Bibliographic Details
Main Author: Geol, Mahesh K
Format: Book
Published: Singapore : S.S.Mubaruk & Brothers Pte.Ltd. , 1994
Subjects:

MARC

LEADER 00000cam a2200000 7i4500
001 0000006274
002 000006772
005 20000330.0
020 |a 9812079866 
090 0 0 |a 005.133   |b GEO 
100 1 |a Geol, Mahesh K 
245 1 0 |a Programming in basic   |c Mahesh K.Geol 
260 |a Singapore :   |b S.S.Mubaruk & Brothers Pte.Ltd. ,   |c 1994 
300 |a 160 p. ;   |c bill. ;   |c 20 cm. 
650 0 0 |a Programming (Computers) 
999 |a 039060   |b BUKU   |c PINJAMAN   |e PERPUSTAKAAN KOMUNITI PETALING JAYA